Neural Networks (Record no. 8475)

MARC details
000 -LEADER
fixed length control field 00333nam a22001217a 4500
008 - FIXED-LENGTH DATA ELEMENTS--GENERAL INFORMATION
fixed length control field 200219b ||||| |||| 00| 0 eng d
020 ## - INTERNATIONAL STANDARD BOOK NUMBER
International Standard Book Number 9781259006166
082 ## -
Classification number 621.3 KUN
100 ## - MAIN ENTRY--PERSONAL NAME
Personal name KUMAR, Satish
245 ## - TITLE STATEMENT
Title Neural Networks
Remainder of title A Classroom Approach
Medium English
250 ## - EDITION STATEMENT
Edition statement Reprint 2018
260 ## - PUBLICATION, DISTRIBUTION, ETC. (IMPRINT)
Place of publication, distribution, etc New Delhi
Name of publisher, distributor, etc McGraw Hill Education
Holdings
Withdrawn status Lost status Source of classification or shelving scheme Damaged status Koha normalized classification for sorting Not for loan Koha collection Location (home branch) Sublocation or collection (holding branch) Date acquired Source of acquisition Currency Cost, normal purchase price Bill Number Koha issues (times borrowed) Koha full call number Piece designation (barcode) Koha date last seen Copy number Actual Cost, discounted price Bill Date Koha item type
    Dewey Decimal Classification   621_300000000000000_KUN   B.Tech(CSE) PIET C-LIBRARY PIET C-LIBRARY 19/02/2020 KIRTI PRAKASHAN NEW DELHI IN Rupees 790.00 IN5960   621.3 KUN 31651 19/02/2020 1 537.20 03/01/2020 Reference Books
    Dewey Decimal Classification   621_300000000000000_KUN   B.Tech(ECE) PIET C-LIBRARY PIET C-LIBRARY 28/03/2025 Zaffa Books INR 999.00 ZBD0591   621.3 KUN 38799 03/04/2025   699.30 28/03/2025 Text Books

Design & Developed by: PIET Central Library
R70 Miles Stone Pattikalyana Samalkha Panipat 132102
mail ID :- [email protected], Phone No:- 0180-2569700 Ex.216